[Event "3. LGA Premium Cup"]
[Site "Nürnberg"]
[Date "2006.09.07"]
[Round "1.1"]
[White "Baramidze, David"]
[Black "Pühn, Georg"]
[Result "1-0"]
[WhiteElo "2591"]
[BlackElo "2037"]
[PlyCount "59"]
[EventDate "2006.??.??"]

1. e4 e5 2. Nf3 Nc6 3. Bb5 Nf6 4. O-O Nxe4 5. d4 Nd6 6. Bxc6 dxc6 7. dxe5 Nf5
8. Qxd8+ Kxd8 9. Nc3 Be7 10. Bg5 h6 11. Rad1+ Ke8 12. Bxe7 Nxe7 13. Rd2 Ng6 14.
Rfd1 Ke7 15. h3 Re8 16. Kh2 Kf8 17. Rd8 Ke7 18. Rxe8+ Kxe8 19. g4 a5 20. Kg3 a4
21. a3 Ra5 22. Re1 Nf8 23. Re4 b5 24. Nd4 Bd7 25. f4 Ne6 26. f5 Nxd4 27. Rxd4
c5 28. Rd5 b4 29. axb4 Ra7 30. Rxc5 1-0

[Event "3. LGA Premium Cup"]
[Site "Nürnberg"]
[Date "2006.09.07"]
[Round "1.2"]
[White "Süß, Helmut"]
[Black "Graf, Alexander"]
[Result "0-1"]
[WhiteElo "2031"]
[BlackElo "2583"]
[PlyCount "56"]
[EventDate "2006.??.??"]

1. Nf3 Nf6 2. d4 e6 3. c4 c5 4. Nc3 cxd4 5. Nxd4 Bb4 6. Nc2 Bxc3+ 7. bxc3 Qc7
8. e3 O-O 9. Ba3 Re8 10. Bd6 Qa5 11. Bb4 Qd8 12. Bd6 Ne4 13. Bxb8 Rxb8 14. Qd4
d5 15. Bd3 e5 16. Qxa7 Bf5 17. c5 Qg5 18. O-O Nxc3 19. Bxf5 Qxf5 20. Nb4 Qe4
21. a3 d4 22. exd4 exd4 23. Qb6 d3 24. Na2 Ne2+ 25. Kh1 d2 26. Qb2 Nf4 27. Rg1
Qe2 28. Raf1 d1=Q 0-1

[Event "3. LGA Premium Cup"]
[Site "Nürnberg"]
[Date "2006.09.07"]
[Round "1.3"]
[White "Ftacnik, Lubomir"]
[Black "Schmid, Dominik"]
[Result "1-0"]
[WhiteElo "2579"]
[BlackElo "2028"]
[PlyCount "41"]
[EventDate "2006.??.??"]

1. d4 c6 2. c4 d5 3. Nf3 a6 4. e3 b5 5. c5 Bg4 6. Nc3 Nd7 7. h3 Bxf3 8. Qxf3
Ngf6 9. Bd2 e5 10. Be2 Be7 11. O-O e4 12. Qg3 h5 13. b4 h4 14. Qxg7 Rh7 15. Qg5
Qc7 16. a4 O-O-O 17. axb5 axb5 18. Bxb5 Rg8 19. Ra8+ Nb8 20. Ba6+ Kd8 21. Qf5
1-0

[Event "3. LGA Premium Cup"]
[Site "Nürnberg"]
[Date "2006.09.07"]
[Round "1.4"]
[White "Vogiatzis, Joannis"]
[Black "Brodsky, Michail"]
[Result "0-1"]
[WhiteElo "2024"]
[BlackElo "2571"]
[PlyCount "88"]
[EventDate "2006.??.??"]

1. e4 c5 2. Nf3 Nc6 3. Bc4 e6 4. O-O Nf6 5. Re1 Nxe4 6. Rxe4 d5 7. Bxd5 Qxd5 8.
Nc3 Qd8 9. d3 Be7 10. Rg4 g6 11. Bh6 e5 12. Rg3 f6 13. h4 Be6 14. a4 b6 15. Qd2
Qd7 16. Ne4 Rg8 17. a5 Nxa5 18. Rxa5 bxa5 19. Qxa5 Rb8 20. b3 Bd5 21. Qe1 Bxe4
22. Qxe4 Rb4 23. Qe2 Qd5 24. Bd2 Rb7 25. Rg4 Kf7 26. Qe3 Rg7 27. Bc3 Kg8 28.
Ra4 Bf8 29. Nd2 Rb6 30. Nc4 Re6 31. Qh3 Rc6 32. Ne3 Qe6 33. Qf3 Rd7 34. Ng4 Bg7
35. Qg3 h5 36. Ne3 Kf7 37. Qf3 f5 38. Qe2 Re7 39. Nf1 Qd7 40. Ba1 e4 41. dxe4
Bxa1 42. Rxa1 Rxe4 43. Qb5 Rc7 44. Qb8 Re8 0-1

[Event "3. LGA Premium Cup"]
[Site "Nürnberg"]
[Date "2006.09.07"]
[Round "1.5"]
[White "Fridman, Daniel"]
[Black "Luther, Helmut"]
[Result "1-0"]
[WhiteElo "2569"]
[BlackElo "2022"]
[PlyCount "60"]
[EventDate "2006.??.??"]

1. Nf3 d6 2. d4 g6 3. e4 Bg7 4. Bc4 Nf6 5. Qe2 c6 6. Bb3 O-O 7. O-O Nbd7 8. Rd1
Qc7 9. Nbd2 e5 10. dxe5 dxe5 11. Nc4 a5 12. Nd6 a4 13. Bxf7+ Rxf7 14. Nxf7 Kxf7
15. Qc4+ Kf8 16. Be3 b5 17. Qe6 Nxe4 18. Qh3 Kg8 19. Qe6+ Kf8 20. Qg4 Ndf6 21.
Qh4 Bf5 22. h3 h5 23. Ng5 Nxg5 24. Bxg5 Kf7 25. c4 Rd8 26. cxb5 cxb5 27. Qb4
Rxd1+ 28. Rxd1 Qb7 29. Rc1 Be4 30. Bxf6 Bxf6 1-0

[Event "3. LGA Premium Cup"]
[Site "Nürnberg"]
[Date "2006.09.07"]
[Round "1.6"]
[White "Grünke, Paul"]
[Black "Prusikin, Michael"]
[Result "0-1"]
[WhiteElo "2013"]
[BlackElo "2557"]
[PlyCount "34"]
[EventDate "2006.??.??"]

1. e4 e6 2. Nf3 d5 3. e5 c5 4. b4 cxb4 5. a3 Nc6 6. axb4 Bxb4 7. c3 Be7 8. d4
Nh6 9. Bd3 Nf5 10. O-O h5 11. Ba3 h4 12. h3 b6 13. Qe2 Na5 14. Nbd2 Kf8 15.
Rfb1 Bd7 16. Nh2 Rc8 17. Rc1 Bxa3 0-1

[Event "3. LGA Premium Cup"]
[Site "Nürnberg"]
[Date "2006.09.07"]
[Round "1.7"]
[White "Hillarp Persson, Tiger"]
[Black "Schlötterer, Hermann"]
[Result "1-0"]
[WhiteElo "2549"]
[BlackElo "2010"]
[PlyCount "123"]
[EventDate "2006.??.??"]

1. d4 Nf6 2. c4 c5 3. d5 b5 4. cxb5 a6 5. bxa6 Bxa6 6. Nc3 g6 7. e4 Bxf1 8.
Kxf1 d6 9. Nf3 Nbd7 10. g3 Bg7 11. Kg2 O-O 12. Re1 Qa5 13. a4 Rfb8 14. Qc2 Rb7
15. Bd2 Ng4 16. Nb5 Qb6 17. Bc3 Nde5 18. Nxe5 Nxe5 19. Bxe5 Bxe5 20. Rab1 Qa5
21. b3 Qb4 22. Rec1 h5 23. Qc4 Qd2 24. Rc2 Qg5 25. Rf1 Qh6 26. f4 Bg7 27. h4 f6
28. Qe2 g5 29. fxg5 fxg5 30. hxg5 Qxg5 31. Rf5 Qg6 32. Qxh5 Qxh5 33. Rxh5 Bf6
34. Rf5 Kg7 35. Rcf2 Be5 36. Kh3 Kg6 37. Kg4 Bf6 38. Rc2 Rg8 39. Kf4 Rh8 40.
Ke3 Rh3 41. Rf3 Be5 42. Kd3 Kg5 43. Kc4 Kg4 44. Re3 Rh8 45. b4 Ra8 46. Kb3 cxb4
47. Kxb4 Bd4 48. Rd3 Bb6 49. Rc4 Bf2 50. e5+ Kg5 51. exd6 exd6 52. Kc3 Bc5 53.
Nd4 Ba3 54. Ne6+ Kf6 55. Rf3+ Ke5 56. Re3+ Kf6 57. Re2 Rab8 58. Rf4+ Kg6 59.
Rg4+ Kf6 60. Rf2+ Ke5 61. Rg5+ Ke4 62. Re2+ 1-0

[Event "3. LGA Premium Cup"]
[Site "Nürnberg"]
[Date "2006.09.07"]
[Round "1.8"]
[White "Werner, Thomas"]
[Black "Buhmann, Rainer"]
[Result "1/2-1/2"]
[WhiteElo "2007"]
[BlackElo "2532"]
[PlyCount "65"]
[EventDate "2006.??.??"]

1. d4 d5 2. c4 c6 3. cxd5 cxd5 4. Bf4 Nc6 5. Nc3 Nf6 6. Nf3 a6 7. Rc1 Nh5 8.
Bg3 e6 9. e3 Be7 10. Bd3 Bd7 11. Ne5 Nxg3 12. Nxc6 Bxc6 13. hxg3 g6 14. O-O h5
15. a3 f5 16. Na4 Kf7 17. Nc5 Qd6 18. Be2 Kf6 19. Nd3 Rac8 20. Rc3 Kg7 21. Qb3
h4 22. g4 h3 23. g3 h2+ 24. Kh1 e5 25. g5 Bxg5 26. Nxe5 Bf6 27. f4 Bxe5 28.
fxe5 Qe7 29. Rf2 Rh3 30. Rg2 Rf8 31. Qd1 Qg5 32. Qe1 Rhh8 33. Bxa6 1/2-1/2

[Event "3. LGA Premium Cup"]
[Site "Nürnberg"]
[Date "2006.09.07"]
[Round "1.9"]
[White "Gofshtein, Leonid"]
[Black "Hohner, Karl-Heinz"]
[Result "1-0"]
[WhiteElo "2521"]
[BlackElo "2005"]
[PlyCount "45"]
[EventDate "2006.??.??"]

1. d4 Nf6 2. c4 d6 3. Nc3 e5 4. Nf3 Nbd7 5. Bg5 c6 6. Qc2 Be7 7. e3 O-O 8. Be2
Re8 9. h3 Qc7 10. O-O Nf8 11. Bh4 Ng6 12. Bg3 Bf8 13. Rac1 Qe7 14. b4 e4 15.
Nd2 d5 16. b5 Be6 17. bxc6 bxc6 18. Qa4 Bd7 19. Qa6 Rec8 20. Nb3 Qe6 21. cxd5
cxd5 22. Qxe6 Bxe6 23. Ba6 1-0

[Event "3. LGA Premium Cup"]
[Site "Nürnberg"]
[Date "2006.09.07"]
[Round "1.10"]
[White "Weinmann, Stefan"]
[Black "Hector, Jonny"]
[Result "0-1"]
[WhiteElo "2003"]
[BlackElo "2508"]
[PlyCount "90"]
[EventDate "2006.??.??"]

1. d4 d5 2. c4 c6 3. Nf3 Nf6 4. Nc3 dxc4 5. a4 Bf5 6. e3 e6 7. Bxc4 Bb4 8. O-O
Nbd7 9. Qe2 Bg6 10. Rd1 O-O 11. Bd3 Bh5 12. h3 Qe7 13. g4 Bg6 14. Bxg6 hxg6 15.
e4 e5 16. d5 Nc5 17. dxc6 bxc6 18. Bg5 Rfe8 19. Qc4 Rab8 20. Be3 Nfd7 21. Ng5
Ba5 22. Qe2 Nb3 23. Rab1 Nd4 24. Qa6 Bb4 25. Kg2 Nc5 26. Qc4 Ncb3 27. Ne2 Bc5
28. Nf3 Rb4 29. Qa6 Bd6 30. Bxd4 exd4 31. Qxc6 Bc5 32. e5 Bb6 33. Nf4 Na5 34.
Qc2 Qb7 35. e6 Rf8 36. Nd3 fxe6 37. Qe2 Rb3 38. Qxe6+ Rf7 39. Qe8+ Kh7 40. Qe2
Nc4 41. h4 Re7 42. Qc2 Re3 43. Qxb3 Qxf3+ 44. Kg1 Qxg4+ 45. Kf1 Rh3 0-1

[Event "3. LGA Premium Cup"]
[Site "Nürnberg"]
[Date "2006.09.07"]
[Round "1.11"]
[White "Bromberger, Stefan"]
[Black "Hirschberg, Valerian"]
[Result "1/2-1/2"]
[WhiteElo "2507"]
[BlackElo "1998"]
[PlyCount "114"]
[EventDate "2006.??.??"]

1. d4 d5 2. c4 dxc4 3. Nf3 a6 4. e3 e6 5. Bxc4 Nf6 6. O-O c5 7. Bb3 cxd4 8.
exd4 Be7 9. Nc3 b5 10. Ne5 Bb7 11. Qe2 O-O 12. Bg5 Nc6 13. Nxf7 Rxf7 14. Qxe6
Qe8 15. Rae1 Nxd4 16. Qxe7 Qxe7 17. Rxe7 Nxb3 18. Bxf6 gxf6 19. Rxf7 Kxf7 20.
axb3 Rd8 21. b4 Rd2 22. Rd1 Rxd1+ 23. Nxd1 Ke6 24. Ne3 Ke5 25. Ng4+ Kf5 26. f3
Bc8 27. Kf2 h5 28. Ne3+ Ke5 29. g3 Be6 30. Ke2 Kd4 31. Kd2 Bd7 32. b3 Be6 33.
Nc2+ Ke5 34. Kc3 Bd5 35. Nd4 f5 36. Kd3 f4 37. Ne2 fxg3 38. f4+ Kf5 39. hxg3
Kg4 40. Nc3 Bxb3 41. Ne4 Bf7 42. Ke3 Bg6 43. Nd6 Bc2 44. Kf2 h4 45. gxh4 Kxf4
46. Nb7 Bf5 47. Nc5 Bc8 48. Ke2 Kg4 49. Ke3 Kxh4 50. Kf4 Kh3 51. Ke5 Kg3 52.
Kd6 Kf4 53. Kc7 Bg4 54. Nxa6 Ke5 55. Kc6 Kd4 56. Kxb5 Be2+ 57. Kb6 Kc3 1/2-1/2

[Event "3. LGA Premium Cup"]
[Site "Nürnberg"]
[Date "2006.09.07"]
[Round "1.12"]
[White "Kretschmer, Lorenz"]
[Black "Ginsburg, Gennadij"]
[Result "0-1"]
[WhiteElo "1995"]
[BlackElo "2506"]
[PlyCount "54"]
[EventDate "2006.??.??"]

1. c4 Nf6 2. Nc3 g6 3. g3 Bg7 4. Bg2 e5 5. e3 d6 6. Nge2 O-O 7. O-O Qe7 8. d3
h5 9. h4 Nc6 10. Rb1 Bf5 11. b4 e4 12. d4 Bh6 13. b5 Na5 14. Qa4 b6 15. c5 Rfe8
16. cxd6 cxd6 17. d5 Rac8 18. Rb4 Bg4 19. Bb2 Bf3 20. Nxe4 Nxe4 21. Bxf3 Nd2
22. Bg2 Nxf1 23. Bxf1 Bxe3 24. fxe3 Qxe3+ 25. Kg2 Qd2 26. Kh1 Rxe2 27. Bxe2
Qe1+ 0-1

[Event "3. LGA Premium Cup"]
[Site "Nürnberg"]
[Date "2006.09.07"]
[Round "1.13"]
[White "Levin, Felix"]
[Black "Hegele, Jürgen"]
[Result "1-0"]
[WhiteElo "2500"]
[BlackElo "1992"]
[PlyCount "59"]
[EventDate "2006.??.??"]

1. d4 Nf6 2. c4 e6 3. Nf3 Bb4+ 4. Nbd2 d5 5. Qa4+ Nc6 6. a3 Bxd2+ 7. Bxd2 O-O
8. e3 Ne4 9. b4 Nxd2 10. Nxd2 Qf6 11. cxd5 exd5 12. b5 Ne7 13. Be2 Bf5 14. O-O
Qg6 15. Rfc1 Rfc8 16. Qb4 Qd6 17. Qb3 c6 18. bxc6 Rxc6 19. Qxb7 Rac8 20. Rxc6
Rxc6 21. Bf1 Nc8 22. Qb3 Qc7 23. Qxd5 Be6 24. Qb5 g6 25. d5 Rd6 26. dxe6 Rxd2
27. Qe8+ Kg7 28. Rc1 Qxc1 29. exf7 Qc5 30. Qg8+ 1-0

[Event "3. LGA Premium Cup"]
[Site "Nürnberg"]
[Date "2006.09.07"]
[Round "1.14"]
[White "Kirch, Daniel"]
[Black "Kunin, Vitaly"]
[Result "0-1"]
[WhiteElo "1965"]
[BlackElo "2494"]
[PlyCount "108"]
[EventDate "2006.??.??"]

1. d4 d5 2. c4 dxc4 3. e4 e5 4. Nf3 exd4 5. Nxd4 c5 6. Nb5 Qxd1+ 7. Kxd1 Na6 8.
Bxc4 Be6 9. Bxe6 fxe6 10. a3 Nf6 11. f3 Be7 12. Be3 O-O 13. Nd2 Rfc8 14. Rc1
Nb8 15. Nc4 Nbd7 16. Ke2 a6 17. Nbd6 Rc7 18. Rhd1 b5 19. Na5 Rb8 20. h3 Rb6 21.
Bf4 e5 22. Nf5 Bf8 23. Bg5 Re6 24. Rc2 c4 25. Ne3 Nc5 26. b3 cxb3 27. Nxb3 Rcc6
28. Na5 Rcd6 29. Nd5 Na4 30. Be3 Nxd5 31. exd5 Rg6 32. g4 Rd8 33. Rd3 h6 34.
Rc6 Rf6 35. Nb7 Rxd5 36. Rxf6 gxf6 37. Rxd5 Nc3+ 38. Kd3 Nxd5 39. Bc1 Kf7 40.
Nd8+ Ke7 41. Nc6+ Kd6 42. Nb4 a5 43. Nxd5 Kxd5 44. Bd2 a4 45. Bc1 Ke6 46. Ke4
b4 47. axb4 Bxb4 48. Kd3 Bf8 49. f4 Kd5 50. fxe5 fxe5 51. h4 a3 52. Kc3 a2 53.
Bb2 e4 54. Kb3 e3 0-1

[Event "3. LGA Premium Cup"]
[Site "Nürnberg"]
[Date "2006.09.07"]
[Round "1.15"]
[White "Milov, Leonid"]
[Black "Süß, Stefan"]
[Result "1-0"]
[WhiteElo "2482"]
[BlackElo "1983"]
[PlyCount "87"]
[EventDate "2006.??.??"]

1. e4 c5 2. Nf3 e6 3. Nc3 d6 4. d4 cxd4 5. Nxd4 a6 6. Be2 Nf6 7. Be3 Qc7 8. Qd2
Nbd7 9. O-O-O b5 10. a3 Bb7 11. f3 Be7 12. g4 Ne5 13. g5 Nfd7 14. Ndxb5 axb5
15. Nxb5 Qc6 16. Nxd6+ Bxd6 17. Qxd6 Rc8 18. Qxc6 Nxc6 19. b3 Ke7 20. Kb2 Na5
21. Rd2 Rhd8 22. Rhd1 Nc6 23. c4 Ndb8 24. Bc5+ Ke8 25. Rxd8+ Rxd8 26. Rxd8+
Kxd8 27. Kc3 Kc7 28. b4 Nd7 29. Be3 e5 30. b5 Nd8 31. c5 Ba8 32. a4 f6 33. gxf6
gxf6 34. Bc4 Kb8 35. Bg8 h5 36. Bh7 Nf8 37. Bf5 Kc7 38. Kc4 Bb7 39. a5 Ba8 40.
a6 Kb8 41. Bd2 Nfe6 42. Ba5 Ka7 43. Bb6+ Kb8 44. c6 1-0

[Event "3. LGA Premium Cup"]
[Site "Nürnberg"]
[Date "2006.09.07"]
[Round "1.16"]
[White "Dehmel, Stefanie"]
[Black "Wells, Peter"]
[Result "0-1"]
[WhiteElo "1966"]
[BlackElo "2480"]
[PlyCount "44"]
[EventDate "2006.??.??"]

1. e4 c5 2. Nc3 Nc6 3. g3 g6 4. Bg2 Bg7 5. d3 d6 6. Be3 Rb8 7. Qd2 b5 8. f4 b4
9. Nd1 a5 10. Nf3 Nf6 11. h3 Ba6 12. e5 Nd5 13. Ng5 dxe5 14. fxe5 Nxe5 15. Bxc5
Rc8 16. Be3 b3 17. axb3 Rxc2 18. Qxa5 Nxd3+ 19. Kf1 N3b4+ 20. Kg1 Qxa5 21. Rxa5
Nxe3 22. Nxe3 Bd4 0-1

[Event "3. LGA Premium Cup"]
[Site "Nürnberg"]
[Date "2006.09.07"]
[Round "1.17"]
[White "Balinov, Ilija"]
[Black "Nägelein, Andreas"]
[Result "1-0"]
[WhiteElo "2454"]
[BlackElo "1956"]
[PlyCount "51"]
[EventDate "2006.??.??"]

1. d4 g6 2. e4 Bg7 3. Nf3 d6 4. Bc4 Nf6 5. Qe2 O-O 6. e5 dxe5 7. dxe5 Nd5 8. h3
Nc6 9. O-O h6 10. Rd1 e6 11. Bb5 Qe8 12. c4 Nde7 13. Nc3 a6 14. Ba4 Bd7 15. b3
g5 16. Bb2 Ng6 17. Ne4 Nb8 18. Nf6+ Bxf6 19. exf6 Bxa4 20. Nxg5 Nf4 21. Qg4 Kh8
22. Qh4 h5 23. Qxf4 Rg8 24. Nxf7+ Qxf7 25. Qh6+ Qh7 26. f7+ 1-0

[Event "3. LGA Premium Cup"]
[Site "Nürnberg"]
[Date "2006.09.07"]
[Round "1.18"]
[White "Horstmann, Astrid"]
[Black "Gutman, Lev"]
[Result "0-1"]
[WhiteElo "1951"]
[BlackElo "2448"]
[PlyCount "68"]
[EventDate "2006.??.??"]

1. c4 Nf6 2. Nc3 g6 3. g3 Bg7 4. Bg2 O-O 5. d3 c6 6. e4 Na6 7. Nge2 Nc7 8. f4
d5 9. cxd5 cxd5 10. e5 Ng4 11. d4 b5 12. Qb3 Rb8 13. h3 Nh6 14. a3 a5 15. Bd2
b4 16. axb4 axb4 17. Na2 Ba6 18. Nxb4 Nf5 19. Qc3 Bxe2 20. Kxe2 Nb5 21. Qd3
Nbxd4+ 22. Kf1 Rxb4 23. Bxb4 Nc2 24. Ra4 Qb6 25. Bc3 d4 26. Bd2 Nce3+ 27. Kf2
Nxg2 28. Kxg2 Qc6+ 29. Kh2 Qxa4 30. b4 e6 31. g4 Ne7 32. Qxd4 Nc6 33. Qc3 Rd8
34. Rc1 Bf8 0-1

[Event "3. LGA Premium Cup"]
[Site "Nürnberg"]
[Date "2006.09.07"]
[Round "1.19"]
[White "Reich, Thomas"]
[Black "Dippel, Jörg"]
[Result "1/2-1/2"]
[WhiteElo "2442"]
[BlackElo "1931"]
[PlyCount "116"]
[EventDate "2006.??.??"]

1. d4 d5 2. Nf3 Nf6 3. c4 c6 4. e3 e6 5. Nc3 Be7 6. Qc2 O-O 7. Be2 Nbd7 8. O-O
b6 9. e4 dxe4 10. Nxe4 c5 11. dxc5 Nxc5 12. Nxc5 Bxc5 13. b3 Bb7 14. Bb2 h6 15.
Qc3 Qc7 16. b4 Be7 17. a3 Rfd8 18. Rfd1 Rac8 19. h3 Qf4 20. Qe3 Qxe3 21. fxe3
Ne4 22. Bd4 f6 23. Nd2 e5 24. Nxe4 Bxe4 25. Bc3 Rxd1+ 26. Rxd1 Rd8 27. Rc1 Bd3
28. Kf2 Bxe2 29. Kxe2 Kf7 30. e4 Ke6 31. Bd2 Rd4 32. Ke3 g6 33. g4 f5 34. exf5+
gxf5 35. gxf5+ Kxf5 36. Rf1+ Ke6 37. Ke2 h5 38. Rc1 Rd8 39. Be3 Rg8 40. Rg1
Rxg1 41. Bxg1 a5 42. Bxb6 axb4 43. a4 Kd7 44. Kd3 Kc6 45. Be3 Bc5 46. Bd2 Kb6
47. Ke4 b3 48. Bc3 Bd4 49. Kd3 b2 50. Bxd4+ exd4 51. Kc2 Ka5 52. c5 Kxa4 53. c6
Ka3 54. c7 Ka2 55. c8=Q b1=Q+ 56. Kd2 Qb4+ 57. Kd3 Kb2 58. Qc2+ Ka3 1/2-1/2

[Event "3. LGA Premium Cup"]
[Site "Nürnberg"]
[Date "2006.09.07"]
[Round "1.20"]
[White "Wehner, Veit"]
[Black "Zaragatski, Ilja"]
[Result "0-1"]
[WhiteElo "1924"]
[BlackElo "2436"]
[PlyCount "40"]
[EventDate "2006.??.??"]

1. b3 e5 2. Bb2 Nc6 3. Nf3 e4 4. Nd4 Nf6 5. e3 Nxd4 6. Bxd4 d5 7. Nc3 Be7 8. f3
O-O 9. Rb1 Bf5 10. Be2 c5 11. Be5 exf3 12. Bxf3 d4 13. Bxf6 Bxf6 14. Nd5 Bg5
15. O-O Re8 16. exd4 cxd4 17. Rb2 Qa5 18. c4 Bd3 19. Rf2 Qa3 20. Qa1 Qxb2 0-1

[Event "3. LGA Premium Cup"]
[Site "Nürnberg"]
[Date "2006.09.07"]
[Round "1.23"]
[White "Zude, Erik"]
[Black "Handl, Johannes"]
[Result "1-0"]
[WhiteElo "2421"]
[BlackElo "1914"]
[PlyCount "39"]
[EventDate "2006.??.??"]

1. e4 c5 2. Nc3 d6 3. f4 Nc6 4. Bb5 Bd7 5. Nf3 g6 6. O-O Bg7 7. d3 Nd4 8. Bc4
e6 9. Nxd4 cxd4 10. Ne2 b5 11. Bb3 a5 12. a3 Ne7 13. Ng3 Qc8 14. f5 exf5 15.
Bg5 a4 16. Ba2 Be6 17. Qf3 Bxa2 18. Rxa2 Qe6 19. exf5 Qd5 20. f6 1-0

[Event "3. LGA Premium Cup"]
[Site "Nürnberg"]
[Date "2006.09.07"]
[Round "1.27"]
[White "Drabke, Lorenz Maximilian"]
[Black "Grimm, Pascal"]
[Result "1-0"]
[WhiteElo "2389"]
[BlackElo "1857"]
[PlyCount "45"]
[EventDate "2006.??.??"]

1. e4 Nf6 2. e5 Nd5 3. c4 Nb6 4. d4 d6 5. exd6 cxd6 6. Nc3 g6 7. Be3 Bg7 8. Rc1
Nc6 9. d5 Ne5 10. Be2 O-O 11. b3 e6 12. f4 Ned7 13. dxe6 Nf6 14. exf7+ Kxf7 15.
Nf3 Kg8 16. O-O Ng4 17. Bd4 Rxf4 18. Bxg7 Kxg7 19. c5 Nd7 20. Qxd6 Rf6 21. Qd4
Nh6 22. Ng5 Qe7 23. Nd5 1-0

[Event "3. LGA Premium Cup"]
[Site "Nürnberg"]
[Date "2006.09.07"]
[Round "1.29"]
[White "Meinhardt, Maximilian"]
[Black "Schoebel, Klaus"]
[Result "1-0"]
[WhiteElo "2387"]
[BlackElo "1845"]
[PlyCount "34"]
[EventDate "2006.??.??"]

1. e4 e5 2. Nf3 d6 3. d4 exd4 4. Nxd4 Nf6 5. Nc3 Be7 6. Bc4 O-O 7. O-O c6 8. a4
Nbd7 9. Re1 Ne5 10. Be2 Qc7 11. Bf4 Bg4 12. f3 Nh5 13. Be3 f5 14. fxg4 f4 15.
Ne6 Qd7 16. Nxf8 Rxf8 17. gxh5 fxe3 1-0

[Event "3. LGA Premium Cup"]
[Site "Nürnberg"]
[Date "2006.09.07"]
[Round "1.31"]
[White "Heinzel, Olaf"]
[Black "Rohde, Björn"]
[Result "1-0"]
[WhiteElo "2384"]
[BlackElo "1817"]
[PlyCount "53"]
[EventDate "2006.??.??"]

1. d4 e6 2. Bf4 d5 3. Nf3 Nf6 4. e3 c5 5. c3 Bd7 6. Nbd2 Be7 7. Bd3 Qb6 8. Qb1
cxd4 9. exd4 Bb5 10. O-O Bxd3 11. Qxd3 Nc6 12. Ne5 Rc8 13. Bg5 Qc7 14. f4 O-O
15. Rae1 Ne8 16. Nxc6 bxc6 17. Bxe7 Qxe7 18. f5 Nc7 19. Qg3 Kh8 20. b4 Qd8 21.
fxe6 Nxe6 22. Nf3 Rc7 23. h4 Qc8 24. Re3 f5 25. Qd6 Re8 26. Rfe1 Rd7 27. Rxe6
1-0

[Event "3. LGA Premium Cup"]
[Site "Nürnberg"]
[Date "2006.09.07"]
[Round "1.37"]
[White "Köpke, Christian"]
[Black "Wettermann, Bernd"]
[Result "1/2-1/2"]
[WhiteElo "2319"]
[BlackElo "1745"]
[PlyCount "31"]
[EventDate "2006.??.??"]

1. e4 e5 2. Nf3 Nc6 3. d4 exd4 4. Nxd4 Qf6 5. Nb3 Nge7 6. Bd3 d5 7. Nc3 Be6 8.
O-O O-O-O 9. Qe1 g5 10. Nc5 Ng6 11. exd5 Bxc5 12. dxe6 Rde8 13. Ne4 Qxe6 14.
Bxg5 Qd5 15. Bd2 Nh4 16. Kh1 1/2-1/2

[Event "3. LGA Premium Cup"]
[Site "Nürnberg"]
[Date "2006.09.07"]
[Round "1.47"]
[White "Hirneise, Tobias"]
[Black "Kittler, Alexander"]
[Result "1-0"]
[WhiteElo "2214"]
[BlackElo "1653"]
[PlyCount "31"]
[EventDate "2006.??.??"]

1. e4 d5 2. exd5 Nf6 3. c4 c6 4. Nc3 cxd5 5. d4 e6 6. Nf3 Nc6 7. Bg5 Be7 8. c5
O-O 9. Bb5 h6 10. Bf4 Nh5 11. Be3 Qc7 12. O-O Bd7 13. a3 a5 14. Re1 Na7 15.
Bxd7 Qxd7 16. Ne5 1-0

[Event "3. LGA Premium Cup"]
[Site "Nürnberg"]
[Date "2006.09.07"]
[Round "1.50"]
[White "Leis, Stefan"]
[Black "Hirn, Oskar"]
[Result "0-1"]
[WhiteElo "1628"]
[BlackElo "2203"]
[PlyCount "44"]
[EventDate "2006.??.??"]

1. e4 d6 2. d4 Nf6 3. Bd3 e5 4. Nf3 Nc6 5. c3 Bg4 6. Be3 d5 7. Nbd2 exd4 8.
cxd4 dxe4 9. Nxe4 Bb4+ 10. Nc3 O-O 11. O-O Bxf3 12. Qxf3 Nxd4 13. Qxb7 Rb8 14.
Qxa7 Nf3+ 15. gxf3 Qxd3 16. Qd4 Qg6+ 17. Kh1 Qh5 18. Qd1 Bd6 19. f4 Ng4 20. Kg2
Qxh2+ 21. Kf3 Qh3+ 22. Ke2 Rxb2+ 0-1

[Event "3. LGA Premium Cup"]
[Site "Nürnberg"]
[Date "2006.09.07"]
[Round "1.62"]
[White "Matuschek, Thomas"]
[Black "Redzepovic, Irfan"]
[Result "0-1"]
[WhiteElo "1535"]
[BlackElo "2053"]
[PlyCount "38"]
[EventDate "2006.??.??"]

1. Nf3 Nf6 2. b3 g6 3. Bb2 Bg7 4. e3 b6 5. d4 Bb7 6. Be2 d6 7. O-O O-O 8. c4 c5
9. Nc3 Na6 10. a3 Rc8 11. d5 Nc7 12. Qc2 e6 13. e4 b5 14. dxe6 fxe6 15. e5 Ng4
16. exd6 Qxd6 17. Rad1 Bd4 18. h3 Rxf3 19. hxg4 Rh3 0-1

[Event "3. LGA Premium Cup"]
[Site "Nürnberg"]
[Date "2006.09.07"]
[Round "1.65"]
[White "Walter, Thomas"]
[Black "Shetta, Maurice"]
[Result "1-0"]
[WhiteElo "2102"]
[BlackElo "1451"]
[PlyCount "57"]
[EventDate "2006.??.??"]

1. e4 e6 2. b3 d5 3. Bb2 dxe4 4. Nc3 Nf6 5. Qe2 Bb4 6. O-O-O O-O 7. Nxe4 Nbd7
8. g4 Be7 9. c4 b6 10. Bg2 Rb8 11. h4 Nxe4 12. Bxe4 Bxh4 13. Nf3 g5 14. Nxh4
gxh4 15. g5 Re8 16. Bxh7+ Kf8 17. g6 e5 18. Qh5 Qf6 19. gxf7 Re7 20. Bg6 Nc5
21. Rxh4 Rxf7 22. Bxe5 Nd3+ 23. Bxd3 Qxf2 24. Rf1 Qxf1+ 25. Bxf1 Rxf1+ 26. Kb2
Rf5 27. Qh8+ Ke7 28. Rh7+ Rf7 29. Qf6+ 1-0

[Event "3. LGA Premium Cup"]
[Site "Nürnberg"]
[Date "2006.09.07"]
[Round "1.67"]
[White "Seyb, Alexander"]
[Black "Zarafat, Daniel"]
[Result "1-0"]
[WhiteElo "2095"]
[BlackElo "1426"]
[PlyCount "45"]
[EventDate "2006.??.??"]

1. e4 c5 2. Nf3 e6 3. d4 cxd4 4. Nxd4 a6 5. Bd3 Qc7 6. Qe2 d6 7. O-O Nf6 8. c4
Bd7 9. b3 Nc6 10. Nxc6 bxc6 11. Bb2 e5 12. Nd2 Be7 13. c5 d5 14. exd5 cxd5 15.
Bxe5 Qc6 16. Bd6 O-O 17. Bxe7 Rfe8 18. Rfe1 Ne4 19. Nxe4 dxe4 20. Bxe4 Rxe7 21.
Bxc6 Rxe2 22. Bxa8 Rc2 23. Rad1 1-0

[Event "3. LGA Premium Cup"]
[Site "Nürnberg"]
[Date "2006.09.07"]
[Round "1.68"]
[White "Giersdorf, Fabian"]
[Black "Seidel, Michael"]
[Result "0-1"]
[WhiteElo "1425"]
[BlackElo "2084"]
[PlyCount "54"]
[EventDate "2006.??.??"]

1. Nf3 Nf6 2. g3 g6 3. Bg2 Bg7 4. O-O d6 5. d4 O-O 6. c4 Nbd7 7. b3 e5 8. Bb2
exd4 9. Bxd4 Qe7 10. Nbd2 Re8 11. Re1 Ne5 12. Nxe5 dxe5 13. Bc3 c6 14. h3 a5
15. e3 h5 16. Kh2 e4 17. Qe2 Ng4+ 18. hxg4 Bxg4 19. f3 exf3 20. Qd3 Rad8 21.
Qc2 Bxc3 22. Qxc3 fxg2 23. Kxg2 Qd7 24. Nf3 Bxf3+ 25. Kxf3 Qf5+ 26. Kg2 Rd3 27.
e4 Qf3+ 0-1

[Event "3. LGA Premium Cup"]
[Site "Nürnberg"]
[Date "2006.09.07"]
[Round "1.74"]
[White "Riexinger, Andreas"]
[Black "Demburg, Dimitrij"]
[Result "0-1"]
[WhiteElo "1264"]
[BlackElo "2069"]
[PlyCount "88"]
[EventDate "2006.??.??"]

1. Nf3 f5 2. g3 Nf6 3. Bg2 g6 4. d3 Bg7 5. O-O O-O 6. c3 c6 7. Ng5 h6 8. Nh3 e5
9. f4 d6 10. Qb3+ Kh8 11. Nd2 Na6 12. Nf3 Qe7 13. Be3 Kh7 14. Kh1 exf4 15. Bxf4
g5 16. Nhxg5+ hxg5 17. Nxg5+ Kh8 18. Bf3 Nh7 19. h4 Nxg5 20. Bxg5 Bf6 21. Bf4
Be6 22. Qa3 Rad8 23. Kg2 Rg8 24. h5 Bg5 25. Bxg5 Qxg5 26. g4 Bd5 27. Qa4 Qh4
28. Qd4+ Kh7 29. e4 fxg4 30. Be2 Qh3+ 31. Kf2 g3+ 32. Ke1 g2 33. Rg1 Qh4+ 34.
Kd2 Be6 35. Qxa7 Rg7 36. Qe3 d5 37. exd5 Bxd5 38. d4 Qg5 39. Bd3+ Kh6 40. Bg6
Qxe3+ 41. Kxe3 Re7+ 42. Kd2 Rf8 43. Bd3 Rf2+ 44. Kd1 Re3 0-1

[Event "3. LGA Premium Cup"]
[Site "Nürnberg"]
[Date "2006.09.07"]
[Round "1.78"]
[White "Kenzel, Stephan"]
[Black "Hirneise, Jens"]
[Result "0-1"]
[WhiteElo "1130"]
[BlackElo "2002"]
[PlyCount "40"]
[EventDate "2006.??.??"]

1. e4 c5 2. Nf3 e6 3. d4 cxd4 4. Nxd4 a6 5. Nc3 Qc7 6. Be3 Bb4 7. Qd2 Nf6 8.
Bd3 d5 9. f3 e5 10. Nf5 Bxf5 11. exf5 d4 12. O-O dxe3 13. Qxe3 Bc5 14. f4 Bxe3+
15. Kh1 exf4 16. Ne2 Ng4 17. Rae1 Nf2+ 18. Kg1 Nxd3+ 19. Kh1 Nxe1 20. Rxe1 O-O
0-1